Controlling corruption: The social contract approach (Record no. 1224679)

MARC details
000 -LEADER
fixed length control field 00641nam a2200205Ia 4500
005 - DATE AND TIME OF LATEST TRANSACTION
control field 20260202162634.0
008 - FIXED-LENGTH DATA ELEMENTS--GENERAL INFORMATION
fixed length control field 241129s9999||||xx |||||||||||||| ||und||
020 ## - INTERNATIONAL STANDARD BOOK NUMBER
International Standard Book Number 9780192894915
040 ## - CATALOGING SOURCE
Original cataloging agency RTL
Language of cataloging eng
Transcribing agency RTL
041 ## - LANGUAGE CODE
Language code of text/sound track or separate title eng
Source of code eng
084 ## - COLON CLASSIFICATION NUMBER
Classification number Y:44 R1
Assigning agency RTL
100 ## - MAIN ENTRY--PERSONAL NAME
Personal name Rothstein Bo
9 (RLIN) 725044
245 #0 - TITLE STATEMENT
Title Controlling corruption: The social contract approach
260 ## - PUBLICATION, DISTRIBUTION, ETC.
Place of publication, distribution, etc. United Kingdom
Name of publisher, distributor, etc. Oxford University Press
Date of publication, distribution, etc. 2021
300 ## - PHYSICAL DESCRIPTION
Extent viii,192 p.
Other physical details Includes bibliographical references and index
365 ## - TRADE PRICE
Price type code INR
Price amount 2507
650 ## - SUBJECT ADDED ENTRY--TOPICAL TERM
Topical term or geographic name entry element Sociology
9 (RLIN) 1113203
942 ## - ADDED ENTRY ELEMENTS (KOHA)
Koha item type General Books
Classification part Y:44, R1
Source of classification or shelving scheme Colon Classification (CC)
Suppress in OPAC No
Holdings
Withdrawn status Lost status Source of classification or shelving scheme Damaged status Not for loan Home library Current library Date acquired Source of acquisition Cost, normal purchase price Inventory number Total Checkouts Full call number Barcode Date last seen Price effective from Koha item type
    Colon Classification (CC)     Ratan Tata Library Ratan Tata Library 2024-11-29 International Book Distributor 2507.00 118899 & 11/02/2023   Y:44, R1 RT1502615 2024-11-29 2024-11-29 General Books
Copyright @ Delhi University Library System